| 000 | 00993nas a22002054i 4500 | ||
|---|---|---|---|
| 999 |
_c64868 _d64868 |
||
| 001 | 768714001 | ||
| 003 | CO-MdFUSB | ||
| 005 | 20190306122131.0 | ||
| 008 | 190306s1995 sp ||||| |||| 00| 0 spa d | ||
| 022 | _a0210-1041 | ||
| 040 |
_aCO-MdFUSB _bspa _cCO-MdFUSB _dCO-MdFUSB |
||
| 041 | _aspa | ||
| 100 |
_aRichard, Pablo _eautor |
||
| 245 | 0 | 3 |
_aEl Dios de la vida y el resurgimiento de la religión _c/ Pablo Richard |
| 300 |
_aNúmero 258 (1995), páginas 341-350 _c: 21 cm |
||
| 520 | _aEs un hecho evidente en la actualidad el resurgimiento de la dimensión religiosa y mística. No se trata, sin embargo, de la religión institucional, sino de una revitalización de las raíces religiosas profundas del pueblo. Propongo distinguir dos dimensiones religiosas: una oficial y otra popular | ||
| 650 | 7 |
_9385 _aReligión |
|
| 773 | 0 |
_049450 _960422 _oR0850 _tRevista internacional de teología Concilium _w(CO-MdFUSB)8 _x0210-1041 _gNúmero 258 (1995), páginas 341-350 _qPágina 341 |
|
| 942 | _cBK | ||